| 000 | 00000nam 2200000za 4500 |
| 001 | 9.822575 |
| 003 | CaOODSP |
| 005 | 20221107143717 |
| 007 | cr ||||||||||| |
| 008 | 160815s2007 qucabo o f000 0 eng d |
| 020 | |z978-0-662-49893-3 |
| 040 | |aCaOODSP|beng |
| 043 | |an-cn--- |
| 086 | 1 |aR64-105/74-2007E-PDF|zR64-105/74-2007 |
| 110 | 2 |aParks Canada. |
| 245 | 10|aFort Espérance, Fort Pelly, Fort Livingstone National Historic Sites of Canada |h[electronic resource] : |bmanagement plan. |
| 246 | 17|aFort Esperance, Fort Pelly, Fort Livingstone NHSC : |bmanagement plan |
| 260 | |a[Gatineau, QC] : |bParks Canada, |c[2007] |
| 300 | |a31 p. : |bill., maps |
| 500 | |aIssued also in French under title: Lieux historiques nationaux du Canada du Fort-Espérance, du Fort-Pelly et du Fort-Livingstone : plan directeur. |
| 500 | |a"June 2006.” |
| 530 | |aIssued also in printed form. |
| 692 | 07|2gccst|aHistoric sites |
| 692 | 07|2gccst|aManagement |
| 692 | 07|2gccst|aPlanning |
| 775 | 08|tLieux historiques nationaux du Canada du Fort-Espérance, du Fort-Pelly et du Fort-Livingstone |w(CaOODSP)9.822576 |
| 776 | 0#|tFort Espérance, Fort Pelly, Fort Livingstone National Historic Sites of Canada - management plan |w(CaOODSP)9.668463 |
| 856 | 40|qPDF|s3.02 MB|uhttps://publications.gc.ca/collections/collection_2016/pc/R64-105-74-2007-eng.pdf |